00787nam a22001817a 4500003000900000008004100009040007100050082002100121100002400142245008600166260004100252300002700293440002200320505020600342650002400548650001600572650001700588AR-CdUCM190417b ||||| |||| 00| 0 spa d aMUNICIPALIDAD PROVINCIAL DEL CUSCOcBIBLIOTECA MUNICIPAL DEL CUSCO 22ed.a612 /bM26 aMarañon, Gregorio aGordos y flacos :bestado actual del problema de la patología del peso humano / aSantiago de Chile :bCultura,c1934. a91 páginas ;c19 cm. aHombres e ideas ; aContenido: Por que es gordo o flaco -- Ventajas e inconvenientes de la obesidad y la delgadez -- El peso y la psicología -- El peso y la moda -- Profilaxia y tratamiento de la obesidad y la delgadez. aFisiología humana aNutrición aPsicología